乌鲁木齐市知识测验 Urumqi city quiz - Statistics

General Stats
  • This quiz has been taken 21 times
  • The average score is 13 of 17
Answer Stats
问题 答案 % Correct
主要机场 {地窝堡}国际机场
100%
乌鲁木齐号称 世界上距离{海洋}最远的大城市
100%
乌鲁木齐的双一流、211高校 新疆大学
100%
乌鲁木齐西北临近的自治州首府城市 昌吉市
100%
清朝乌鲁木齐地区初建的城池名 迪化
95%
乌鲁木齐下辖唯一的县 乌鲁木齐县
90%
乌鲁木齐北方临近的兵团城市 五家渠市
85%
市区能见到的天山主峰之一 {博格达}峰
80%
以“花园”相关的维语命名的市辖区 沙依巴克区
75%
以河流命名的市辖区 水磨沟区
75%
以河流命名的市辖区 头屯河区
70%
“停靠在____的二路汽车,带走了最后一片飘落的黄叶” 八楼
70%
市区的小山公园 {红山}公园
65%
杀害其的新疆军阀 盛世才
55%
抗战期间在乌鲁木齐被杀害的中共高级财政干部 毛泽民
40%
辗转到达乌鲁木齐的工农红军一部 西路军
30%
老城区的民族美食街 {和田}二街
20%
No matching quizzes found
Score Distribution
Percent of People with Each Score
Percentile by Number Answered
Your Score History
You have not taken this quiz